Przystanki linii 126 w Olsztynie - Statystyki

Ogólne statystyki
  • Ten quiz został rozwiązany 16 razy
  • Średni wynik to 16 z 23
Statystyki odpowiedzi
Hint Odpowiedź % Poprawnych
1 Bartąska-Rondo
92%
2 Osiedle Zacisze
92%
19 Dworzec Główny
83%
7 Jarocka
83%
5 Płoskiego
83%
4 Antonowicza
75%
9 Boenigka
75%
10 Carrefour
75%
8 D. H. Śliwa
75%
17 Dworcowa-Przychodnia
75%
6 Janowicza
75%
16 Stadion Stomil
75%
11 Wańkowicza
75%
20 Limanowskiego
67%
13 Pstrowskiego
67%
12 Synów Pułku
67%
3 Bartąska-Jakubowa
58%
18 Kołobrzeska
58%
14 Żołnierska
58%
15 Piłsudskiego
50%
22 Bydgoska
42%
23 Osiedle Podleśna
42%
21 Wrocławska
42%
Nie znaleziono quizów pasujących do podanych kryteriów
Rozkład punktacji
Procent ludzi z każdym wynikiem
Percentyl według liczby udzielonych odpowiedzi
Twoja historia wyników
Nie rozwiązałeś tego quizu